000 00391nam a2200121Ia 4500
008 220615s9999||||xx |||||||||||||| ||und||
245 0 _aNeuroprotection
546 _aEnglish[eng]
650 _aNeurology & clinical neurophysiology
700 _aChuen-Chung Chang, Raymond||Ho, Yuen-Shan
856 _uhttps://mts.intechopen.com/storage/books/7581/authors_book/authors_book.pdf
942 _cEB
999 _c10078
_d10078